Представление документа в формате RUSMARC

ПолеНазваниеЗначение
  Тип записи a
  Библиографический уровень m
001 Контрольный номер RU/CBS_UL/BASE/dfb03b07c3d94a638513e540547eb27e
005 Дата корректировки 20250820165231.5
010 Индекс ISBN __
a ISBN 978-5-17-160757-9
b Уточнения в пер.
d Цена 230 р. 25 к.
9 Тираж 3 800 экз.
100 Данные общей обработки __
a Данные общей обработки 20250820d 0rusy0189## ca
101 Язык документа 0_
a Язык текста rus
102 Страна публикации __
a Страна публикации RU
200 Заглавие и сведения об ответственности 1_
a Заглавие Письмо незнакомки
e Сведения, относящиеся к заглавию новеллы
e Сведения, относящиеся к заглавию пер. с нем.
f Первые сведения об ответственности С. Цвейг
210 Выходные данные 1_
a Место издания Москва
c Издательство АСТ
d Дата издания 2024
215 Физическое описание __
a Объем 318, [1] с.
d Формат 20,5 см.
225 Серия 2_
a Серия Лучшая мировая классика
300 Общие примечания __
a Общие примечания Содерж.: Амок ; Фантастическая ночь ; Летняя новелла ; Мендель-букинист ; Письмо незнакомки ; Улица в лунном свете ; Жгучая тайна
300 Общие примечания __
a Общие примечания 16+
606 Тематические рубрики 0_
a Основная рубрика Австрийская литература, 20 в. - Новеллы
610 Ключевые слова 0_
a Ключевые слова классика зарубежная; новеллы лиричные; истории любви; судьбы женские; трагедии жизненные; страсть роковая; проза психологическая
686 Индексы других классификаций __
2 Код системы rubbk
a Классификационный индекс 84(4Авс)
700 Автор _1
a Фамилия Цвейг
b Имя (инициалы) С.
g Полное личное имя Стефан
801 Источник записи _0
a Страна RU
b Организация МБУК ЦБС г. Ульяновска
c Дата составления 20250820
g Правила каталогизации RCR
801 Источник записи _1
a Страна RU
b Организация МБУК ЦБС г. Ульяновска
c Дата составления 20250820
g Правила каталогизации RCR
852 Данные о местонахождении __
i Авторский знак Ц 26
j Шифр хранения И(Австр)
900 Электронные ресурсы __
a Имя электронного ресурса с. цвейг письмо лмк
901 Тип документа __
t Тип документа m
909 Создатель записи __
a Создатель записи obr2
b Дата создания записи 20250820